Statistics for NBA Players who wore the jersey

Click here to take the quiz!

General Stats

  • This quiz has been taken 14 times
  • The average score is 11 of 30

Answer Stats

Team#PosYears w/ the TeamAnswer% Correct
Utah Jazz27C2013–PresentRudy Gobert
92%
New York Knicks18PF1967–1978Phil Jackson
92%
Memphis Grizzlies13PF2018–PresentJaren Jackson Jr.
92%
Brooklyn Nets1PG2017-2019D'Angelo Russell
85%
Sacramento Kings24SG2017–PresentBuddy Hield
77%
Philadelphia 76ers21C2014–PresentJoel Embiid
77%
Phoenix Suns22C/PF2018–PresentDeandre Ayton
77%
Charlotte Hornets2PF/SF2014-PresentMarvin Williams
69%
Boston Celtics0SG2010-2017Avery Bradley
69%
Dallas Mavericks5PG1994–1996Jason Kidd
62%
Los Angeles Lakers12C2012–2013Dwight Howard
62%
Cleveland Cavaliers4SG2015–2018Iman Shumpert
54%
Chicago Bulls3C2001-2006Tyson Chandler
38%
Golden State Warriors8SG2005–2012Monta Ellis
38%
Los Angeles Clippers11SG2012–2017Jamal Crawford
38%
Washington Wizards28C2016–PresentIan Mahinmi
31%
Oklahoma City Thunder/Seattle Supersonics19PG1968–1972Lenny Wilkens
15%
Denver Nuggets6SG/PG2009–2012Arron Afflalo
15%
Toronto Raptors26SF2009–2010Hedo Türkoğlu
8%
Portland Trail Blazers23SG/SF2013–2017Allen Crabbe
0%
San Antonio Spurs25PG1994–1996Doc Rivers
0%
Atlanta Hawks00PG2004–2006Tony Delk
0%
Orlando Magic20SF/SG2008–2010Mickaël Piétrus
0%
New Orleans Pelicans(Hornets)17PF2013Lou Amundson
0%
Minnesota Timberwolves16PG2002–2007Troy Hudson
0%
Milwaukee Bucks15SF/SG2010–2011John Salmons
0%
Indiana Pacers10PG1984–1995Vern Fleming
0%
Houston Rockets9C2017–2018Zhou Qi
0%
Detroit Pistons7PG2000–2004Chucky Atkins
0%
Miami Heat14SG2007–2010Daequan Cook
0%

Score Distribution

Percentile by Number Answered

Percent of People with Each Score

Your Score History

You have not taken this quiz